North or South Korea? - Statistics

General Stats
  • This quiz has been taken 237 times
  • The average score is 9 of 14
Answer Stats
Question Answer % Correct
Which has the highest number of internet connections per 100 people? South Korea
95%
Which borders more countries? North Korea
90%
Which has a higher population? South Korea
90%
Which is larger? North Korea
85%
Which has the largest army? North Korea
85%
Which has the highest point on land? North Korea
80%
Which has the highest flagpole? North Korea
75%
Which has the tallest building? South Korea
70%
Which has more Carbon Dioxide emissions from energy consumption? South Korea
70%
Which has higher external debt? South Korea
70%
Which has the youngest voting age? North Korea
45%
Which has a higher prevalence of adult obesity? North Korea
45%
Which has the highest literacy rate? North Korea
20%
Which has the highest military spending in total? South Korea
20%
No matching quizzes found
Score Distribution
Percent of People with Each Score
Percentile by Number Answered
Your Score History
You have not taken this quiz